European Actresses by Picture #1 - Statistics

General Stats
  • This quiz has been taken 68 times
  • The average score is 7 of 16
Answer Stats
Picture Answer % Correct
Emma Watson
98%
Kate Winslet
93%
Penélope Cruz
80%
Emily Blunt
73%
Sophia Loren
63%
Ingrid Bergman
55%
Emilia Clarke
39%
Eva Green
39%
Kate Beckinsale
32%
Marion Cotillard
30%
Monica Bellucci
23%
Léa Seydoux
21%
Diane Kruger
16%
Rebecca Ferguson
16%
Alicia Vikander
14%
Olga Kurylenko
9%
No matching quizzes found
Score Distribution
Percent of People with Each Score
Percentile by Number Answered
Your Score History
You have not taken this quiz